000
00302nam a2200121 a 4500
005
20141022142006.0
008
080929s19uu xx 00 eng d
050
_a
CD
_b
C63 1992
245
_a
Principle centered leadership.
650
_a
CD.
650
_a
Principle centered leadership.
942
_c
AVM
999
_c
276520
_d
276520